Echo B1: methode de Francais

Salvato in:
Dettagli Bibliografici
Autore principale: GIRARDET, J (Jacky)
Natura: Libro
Lingua:inglese
Pubblicazione: CLE International 2010
Tags: Aggiungi Tag
Nessun Tag, puoi essere il primo ad aggiungerne!!

MARC

LEADER 00000nam a22000007a 4500
008 231026b |||||||| |||| 00| 0 eng d
020 |a 9782090385755 
100 |a GIRARDET, J (Jacky) 
245 |a Echo B1:  |b methode de Francais  |c / J. Girardet, J. Pecheur ; avec la collaboration de C. Gibbe  |g 149p. 
260 |b CLE International  |c 2010  |h Paris  |i 674032 - V.2  |l PC2128.G441  |m Communication in foreign language education  |m French language - Spoken French  |m French language - Study and teaching  |m French language 
500 |a "Accompanied with a workbook titled portfolio" 
942 |a lcc  |c BK  |e A.R.Akinniyi  |f 26:10:23 
952 |0 0  |1 0  |2 lcc  |4 0  |6 PC2128 G441  |7 0  |9 4606  |a HOL  |b HOL  |c LP  |d 2023-10-26  |l 0  |o PC2128.G441  |p 2023-0525  |r 2023-10-26 00:00:00  |t 674032  |w 2023-10-26  |y BK 
999 |c 2309  |d 2309